[Event "Paul Keres mem"]
[Site "Tallinn EST"]
[Date "2000.08.19"]
[Round "6"]
[White "Dzjuba,V"]
[Black "Piarnpuu,L"]
[Result "1-0"]
[WhiteElo "2279"]
[BlackElo "2227"]

1.e4 e5 2.Nf3 Nc6 3.Bb5 a6 4.Ba4 Nf6 5.O-O Be7 6.Re1 b5 7.Bb3 O-O 8.c3 d6
9.h3 Nb8 10.d4 Nbd7 11.Nbd2 Bb7 12.Bc2 Re8 13.Nf1 Bf8 14.Ng3 g6 15.a4 c6
16.Nh2 Bg7 17.f4 c5 18.dxe5 dxe5 19.f5 c4 20.Be3 Qc7 21.Qf3 h5 22.Nh1 Nc5
23.Nf2 Nd3 24.Bxd3 cxd3 25.Nf1 Qd7 26.g4 bxa4 27.Bg5 hxg4 28.hxg4 Nh7 29.Bd2 Rad8
30.Ng3 Bf6 31.Nh3 Bh4 32.Kh2 Qe7 33.Qe3 Nf6 34.Nf2 Qd7 35.Qh6 g5 36.Qxf6 Qc6
37.Qxc6 Bxc6 38.Kg2 Re7 39.Nh5 Rb7 40.Rab1 Rb3 41.Red1 Rdb8 42.Nf6+ Kg7 43.Nd5 Bxd5
44.exd5 a3 45.Nxd3 axb2 46.Kf3 a5 47.Rxb2 Rxb2 48.Nxb2 Rxb2 49.d6 Kf8 50.d7 Rb8
51.c4  1-0

[Event "Tatry Open"]
[Site "Tatranske Zruby SVK"]
[Date "2000.10.12"]
[Round "6"]
[White "Manik,M"]
[Black "Tropp,F"]
[Result "1-0"]
[WhiteElo "2425"]
[BlackElo "2225"]

1.e4 e5 2.Nf3 Nc6 3.Bb5 a6 4.Ba4 Nf6 5.O-O Be7 6.Re1 b5 7.Bb3 O-O 8.h3 d6
9.c3 Nb8 10.d4 Nbd7 11.Nbd2 c5 12.d5 Re8 13.Nf1 Bf8 14.Ng3 g6 15.Bg5 h6 16.Be3 Kh7
17.Qd2 Bg7 18.Nh2 Ng8 19.f4 Qh4 20.Ne2 Qe7 21.f5 Ndf6 22.Ng3 gxf5 23.Nxf5 Bxf5
24.exf5 Nd7 25.f6 Bxf6 26.Rf1 Bg5 27.Bxg5 hxg5 28.Rf5 f6 29.Ng4 Qg7 30.Raf1 Rf8
31.Bc2 Kh8 32.h4 Nh6 33.Nxh6 Qxh6 34.R1f3 Rg8 35.Rh3 Kg7 36.hxg5 Qg6 37.Rh6 Qf7
38.g6 Qe8 39.Rh7+ Kf8 40.Qh6+  1-0

[Event "Tatry Open"]
[Site "Tatranske Zruby SVK"]
[Date "2000.10.15"]
[Round "9"]
[White "Hanzluvka,P"]
[Black "Tropp,F"]
[Result "1/2-1/2"]
[WhiteElo "2128"]
[BlackElo "2225"]

1.e4 e5 2.Nf3 Nc6 3.Bb5 a6 4.Ba4 Nf6 5.O-O b5 6.Bb3 Be7 7.Re1 O-O 8.h3 d6
9.c3 Nb8 10.d4 Nbd7 11.Nbd2 c5 12.Bc2 Re8 13.Nf1 Bf8 14.Ng3 g6 15.a4 Rb8
16.axb5 axb5 17.Be3 h6 18.Qd2 Kh7 19.d5 Bg7 20.Nh2 Ng8 21.b3 Qc7 22.Reb1 Rf8
23.c4 b4 24.Ra2 Bb7 25.Rba1 Ra8 26.Rxa8 Rxa8 27.Rxa8 Bxa8 28.Bb1 Bb7 29.Qa2 Bc8
30.Nf3 Nf8 31.Ne1 Nf6 32.Qa8 Ne8 33.Nd3 h5 34.f4 Bh6 35.Nf1 Nd7 36.fxe5 Bxe3+
37.Nxe3 dxe5 38.Qc6 Bb7 39.Qxc7  1/2-1/2

[Event "34th Olympiad"]
[Site "Istanbul TUR"]
[Date "2000.11.02"]
[Round "6"]
[White "Haznedaroglu,K"]
[Black "Giorgadze,G"]
[Result "0-1"]
[WhiteElo "2249"]
[BlackElo "2599"]

1.e4 e5 2.Nf3 Nc6 3.Bb5 a6 4.Ba4 Nf6 5.O-O Be7 6.Re1 b5 7.Bb3 O-O 8.c3 d6
9.h3 Nb8 10.d4 Nbd7 11.Nbd2 Bb7 12.Bc2 Re8 13.Nf1 Bf8 14.Ng3 g6 15.a4 c5
16.d5 c4 17.Bg5 h6 18.Be3 Nc5 19.Qd2 h5 20.Ra3 Nfd7 21.Rea1 Rb8 22.axb5 axb5
23.Ra5 Bc8 24.Ra7 Rb7 25.Qe2 Nb6 26.Rxb7 Bxb7 27.Nd2 Bc8 28.b3 cxb3 29.Nxb3 Bd7
30.Nd2 Nba4 31.c4 b4 32.Bxa4 Nxa4 33.Nb3 Qc7 34.Nf1 Nc3 35.Qd3 Ba4 36.Nfd2 Ra8
37.Nb1 Qb7 38.N3d2 Bc2 39.Qxc2 Rxa1 40.Qb2 Qa6  0-1

[Event "34th Olympiad"]
[Site "Istanbul TUR"]
[Date "2000.11.02"]
[Round "6"]
[White "Haznedaroglu,K"]
[Black "Giorgadze,G"]
[Result "0-1"]
[WhiteElo "2249"]
[BlackElo "2599"]

1.e4 e5 2.Nf3 Nc6 3.Bb5 a6 4.Ba4 Nf6 5.O-O Be7 6.Re1 b5 7.Bb3 O-O 8.c3 d6
9.h3 Nb8 10.d4 Nbd7 11.Nbd2 Bb7 12.Bc2 Re8 13.Nf1 Bf8 14.Ng3 g6 15.a4 c5
16.d5 c4 17.Bg5 h6 18.Be3 Nc5 19.Qd2 h5 20.Ra3 Nfd7 21.Rea1 Rb8 22.axb5 axb5
23.Ra5 Bc8 24.Ra7 Rb7 25.Qe2 Nb6 26.Rxb7 Bxb7 27.Nd2 Bc8 28.b3 cxb3 29.Nxb3 Bd7
30.Nd2 Nba4 31.c4 b4 32.Bxa4 Nxa4 33.Nb3 Qc7 34.Nf1 Nc3 35.Qd3 Ba4 36.Nfd2 Ra8
37.Nb1 Qb7 38.N3d2 Bc2 39.Qxc2 Ra5 40.Qb2 Qa6  0-1

[Event "Czech Extra League 2000-1"]
[Site "CZE"]
[Date "2000.11.18"]
[Round "1"]
[White "Antoniewski,R"]
[Black "Dolezal,R1"]
[Result "1/2-1/2"]
[WhiteElo "2446"]
[BlackElo "2359"]

1.e4 e5 2.Nf3 Nc6 3.Bb5 a6 4.Ba4 Nf6 5.O-O Be7 6.Re1 b5 7.Bb3 O-O 8.h3 d6
9.c3 Nb8 10.d4 Nbd7 11.Nbd2 Bb7 12.Bc2 Re8 13.Nf1 Bf8 14.Ng3 g6 15.a4 c5
16.d5 c4 17.Bg5 h6 18.Be3 Qc7 19.Qd2 Kh7 20.Nh2 Bg7 21.Ra3 Nc5 22.Rea1 Nfd7
23.h4 Nb6 24.axb5 axb5 25.Rxa8 Rxa8 26.Rf1 Nba4 27.Bb1 Qe7 28.h5 g5 29.Nf5 Qd8
30.g3 Bc8 31.Nxg7 Kxg7 32.f4 f6 33.fxe5 fxe5 34.Nf3 Bh3 35.Rf2 Nb3 36.Qc2 Qe7
37.Nh2 Bd7 38.Kg2 Rf8 39.Rxf8 Qxf8 40.Qe2 Qc8 41.g4 Nbc5 42.Kg3 Nd3 43.Bxd3 cxd3
44.Qf2 Qg8 45.Qd2 Qc8  1/2-1/2

[Event "FSGM December"]
[Site "Budapest HUN"]
[Date "2000.12.04"]
[Round "2"]
[White "Varga,Zo"]
[Black "Lukacs,P"]
[Result "1/2-1/2"]
[WhiteElo "2541"]
[BlackElo "2488"]

1.e4 e5 2.Nf3 Nc6 3.Bb5 a6 4.Ba4 Nf6 5.O-O Be7 6.Re1 b5 7.Bb3 d6 8.c3 O-O
9.h3 Nb8 10.d4 Nbd7 11.Nbd2 Bb7 12.Bc2 Re8 13.Nf1 Bf8 14.Ng3 g6 15.a4 c5
16.d5 c4 17.Bg5 h6 18.Be3 Nc5 19.Qd2 h5 20.Bg5 Be7 21.Ra3 Nh7 22.Be3 Bf6
23.Rea1 Qe7 24.axb5 axb5 25.Rxa8 Rxa8 26.Rxa8+ Bxa8 27.Ne2 Bb7 28.Nc1 Bc8
29.Na2 Bd7 30.Nb4 Qd8 31.Qc1 Qb6 32.Qa1 Qb7  1/2-1/2

[Event "Anibal Open"]
[Site "Anibal Open ESP"]
[Date "2001.01.11"]
[Round "4"]
[White "Sandipan,C"]
[Black "Sturua,Z"]
[Result "0-1"]
[WhiteElo "2446"]
[BlackElo "2594"]

1.e4 e5 2.Nf3 Nc6 3.Bb5 a6 4.Ba4 Nf6 5.O-O Be7 6.Re1 b5 7.Bb3 d6 8.c3 O-O
9.h3 Nb8 10.d4 Nbd7 11.Nbd2 Bb7 12.Bc2 Re8 13.Nf1 Bf8 14.Ng3 g6 15.a4 c5
16.d5 c4 17.Be3 Nc5 18.Qd2 Nfd7 19.Ra3 Nb6 20.axb5 axb5 21.Rea1 Rxa3 22.Rxa3 Bc8
23.Bh6 Be7 24.h4 Nba4 25.Ra2 Nb3 26.Qe3 Bd7 27.Nf5 gxf5 28.exf5 Bf8 29.Bg5 f6
30.Qe4 Nbc5 31.Qg4 fxg5 32.Qh5 Qe7 33.Nxg5 h6 34.Ne6 Qf7 35.Qg4+ Kh8 36.Qh3 e4
37.g4 Nxe6 38.dxe6 Bxe6 39.fxe6 Qxe6 40.Bxa4 bxa4 41.Rxa4 Bg7 42.Ra7 Rf8  0-1

[Event "12th Goodricke Open"]
[Site "Calcutta IND"]
[Date "2001.02.14"]
[Round "9"]
[White "Ramesh,R"]
[Black "Kunte,A"]
[Result "1-0"]
[WhiteElo "2467"]
[BlackElo "2568"]

1.e4 e5 2.Nf3 Nc6 3.Bb5 a6 4.Ba4 Nf6 5.O-O b5 6.Bb3 Be7 7.Re1 d6 8.c3 O-O
9.h3 Nb8 10.d4 Nbd7 11.Nbd2 Bb7 12.Bc2 Re8 13.Nf1 Bf8 14.Ng3 g6 15.a4 Bg7
16.Bd3 c6 17.Bg5 Nf8 18.Qd2 Ne6 19.Be3 Nd7 20.Red1 Qc7 21.Bf1 Rad8 22.Qc2 Nb6
23.b3 Nd7 24.Rac1 Qb8 25.Rd2 Ba8 26.Qd1 Nf6 27.b4 Rc8 28.Qb3 Bb7 29.Rcd1 Bf8
30.axb5 axb5 31.dxe5 dxe5 32.Be2 Rcd8 33.c4 Rxd2 34.Rxd2 Bc8 35.c5 Qc7 36.Qb2 Nf4
37.Bf1 Nd7 38.Ne2 Nxe2+ 39.Bxe2 Nf6 40.Bd3 Nh5 41.Bc2 h6 42.Bb3 Nf4 43.Bxf4 exf4
44.e5 g5 45.Qc2 Be6 46.Bxe6 Rxe6 47.Qf5 Be7 48.h4 Qa7 49.hxg5 hxg5 50.Nxg5 Qa1+
51.Kh2 Bxg5 52.Qxg5+ Kh7 53.Qxf4 Rh6+ 54.Kg3 Kg7 55.Rd6 Qc3+ 56.Qe3 Qxe3+
57.fxe3 Rh5 58.Rxc6 Rxe5 59.Kf4  1-0

[Event "Czech Extra League 2000-1"]
[Site "CZE"]
[Date "2001.02.24"]
[Round "6"]
[White "Lanka,Z"]
[Black "Biolek,R"]
[Result "1/2-1/2"]
[WhiteElo "2507"]
[BlackElo "2422"]

1.e4 e5 2.Nf3 Nc6 3.Bb5 a6 4.Ba4 Nf6 5.O-O Be7 6.Re1 b5 7.Bb3 d6 8.c3 O-O
9.h3 Nb8 10.d4 Nbd7 11.Nbd2 Bb7 12.Bc2 Re8 13.Nf1 Bf8 14.Ng3 g6 15.a4 c5
16.d5 c4 17.Bg5 h6 18.Be3 Qc7 19.Kh1 Nc5 20.Nd2 Reb8 21.f4 Bc8 22.axb5 axb5
23.Rxa8 Rxa8 24.Nf3 Na4 25.Qc1 Kh7 26.Ne2 Bg7 27.g4 Nc5 28.Ng3 exf4 29.Bxf4 Nfd7
30.Nd4 Ne5 31.Rf1 Ncd3 32.Bxd3 Nxd3 33.Qe3 Qd7  1/2-1/2

[Event "Czech Extra League 2000-1"]
[Site "CZE"]
[Date "2001.03.18"]
[Round "9"]
[White "Jansa,Vl"]
[Black "Smejkal,J"]
[Result "1/2-1/2"]
[WhiteElo "2470"]
[BlackElo "2515"]

1.e4 e5 2.Nf3 Nc6 3.Bb5 a6 4.Ba4 Nf6 5.O-O Be7 6.Re1 b5 7.Bb3 d6 8.c3 O-O
9.h3 Nb8 10.d4 Nbd7 11.Nbd2 Bb7 12.Bc2 Re8 13.Nf1 Bf8 14.Ng3 g6 15.a4 Bg7
16.d5 Qb8 17.b3 c6 18.c4 bxc4 19.bxc4 a5 20.Rb1 Qc7  1/2-1/2

[Event "ch-BUL Women"]
[Site "Plovdiv BUL"]
[Date "2001.03.24"]
[Round "5"]
[White "Andreeva,M"]
[Black "Georgieva,L"]
[Result "1/2-1/2"]
[WhiteElo "2218"]
[BlackElo "2144"]

1.e4 e5 2.Nf3 Nc6 3.Bb5 a6 4.Ba4 Nf6 5.O-O Be7 6.Re1 b5 7.Bb3 d6 8.c3 O-O
9.h3 Nb8 10.d4 Nbd7 11.Nbd2 Bb7 12.Bc2 Re8 13.Nf1 Bf8 14.Ng3 g6 15.Bg5 h6
16.Be3 exd4 17.Bxd4 c5 18.Bxf6 Qxf6 19.Nh2 h5 20.Qf3 Rad8 21.Rad1 Bg7 22.Qxf6 Nxf6
23.Nf3 Bh6 24.Nd2 Bf4 25.Ngf1 h4 26.f3 Rd7 27.c4 Rde7 28.Bb3 d5 29.cxd5 c4
30.Nxc4 bxc4 31.Bxc4 Rc8 32.b3 Ne8 33.Ne3 Nd6 34.Ng4 Kg7 35.Bd3 Rce8 36.Ne3 Bxe3+
37.Rxe3 f5 38.Rde1 fxe4 39.fxe4 Bxd5 40.Bxa6 Rxe4 41.Rxe4 Rxe4 42.Rxe4 Nxe4
43.Bc4 Bc6 44.a4 Nd2 45.Be6 Kf6 46.Bg8 Ke5 47.Kf2 Kd4 48.a5 Bb5 49.b4 g5
50.Bf7 Kc3 51.Ke3 Bc6 52.Kf2 Kxb4 53.a6 Ka5 54.Ke2 Nb1 55.Kf2 Kxa6 56.g3 Nc3
57.gxh4 gxh4 58.Be6 Kb6 59.Ke3 Nb1 60.Kf4  1/2-1/2

[Event "ch-UKR Women"]
[Site "Kramatorsk UKR"]
[Date "2001.03.26"]
[Round "1"]
[White "Gaponenko,I"]
[Black "Litinskaya,M"]
[Result "1/2-1/2"]
[WhiteElo "2383"]
[BlackElo "2374"]

1.e4 e5 2.Nf3 Nc6 3.Bb5 a6 4.Ba4 Nf6 5.O-O Be7 6.Re1 d6 7.h3 O-O 8.c3 b5
9.Bb3 Nb8 10.d4 Nbd7 11.Nbd2 Bb7 12.a4 Re8 13.Ng5 Rf8 14.Ngf3 Re8 15.Ng5 Rf8
16.Ngf3 Re8  1/2-1/2

[Event "TCh-CHN Men"]
[Site "Suzhou, Jiangsu CHN"]
[Date "2001.04.02"]
[Round "7"]
[White "Zhu Chunhui"]
[Black "Sun Qinan"]
[Result "1-0"]
[WhiteElo "2323"]
[BlackElo "2243"]

1.e4 e5 2.Nf3 Nc6 3.Bb5 a6 4.Ba4 Nf6 5.O-O Be7 6.Re1 b5 7.Bb3 d6 8.c3 O-O
9.h3 Nb8 10.d4 Nbd7 11.Nbd2 Bb7 12.Bc2 Re8 13.Nf1 Bf8 14.Ng3 g6 15.a4 Bg7
16.Bg5 h6 17.Bd2 c5 18.d5 c4 19.Be3 Qc7 20.Qd2 Kh7 21.Ra3 Nc5 22.Rea1 Reb8
23.Qc1 Nfd7 24.axb5 axb5 25.Rxa8 Rxa8 26.Rxa8 Bxa8 27.Qa1 Bb7 28.Qa7 Qb6
29.Qxb6 Nxb6 30.Bxc5 dxc5 31.Nf1 f6 32.N3d2 Bf8 33.g3 Kg7 34.Kg2 Kf7 35.f4 exf4
36.gxf4 Bd6 37.Kf3 Bc8 38.h4 h5 39.Ne3 Ba6 40.e5 fxe5 41.Ne4 Be7 42.d6 Bxh4
43.Nxc5 Bc8 44.fxe5 Bg5 45.Be4 h4 46.Nd5 Na4 47.d7 Bxd7 48.Nxd7 Nxb2 49.Nc5 Na4
50.e6+ Ke8 51.Bxg6+ Kd8 52.Nb7+ Kc8 53.Nd6+ Kb8 54.Nxb5  1-0

[Event "54th ch-YUG Women"]
[Site "Herceg Novi YUG"]
[Date "2001.04.03"]
[Round "11"]
[White "Dimitrijevic,A"]
[Black "Drljevic,L"]
[Result "1-0"]
[WhiteElo "2115"]
[BlackElo "2128"]

1.e4 e5 2.Nf3 Nc6 3.Bb5 a6 4.Ba4 Nf6 5.O-O Be7 6.Re1 b5 7.Bb3 d6 8.c3 O-O
9.h3 Nb8 10.d4 Nbd7 11.Nbd2 Bb7 12.Bc2 Re8 13.Nf1 Bf8 14.Ng3 g6 15.Nh2 c5
16.d5 h5 17.Nh1 c4 18.f4 exf4 19.Bxf4 Nc5 20.Nf2 Qb6 21.Be3 Qc7 22.Bd4 Bg7
23.Nf3 Nfd7 24.g4 hxg4 25.Nxg4 Ne5 26.Nfxe5 dxe5 27.Be3 Qd6 28.Rf1 f6 29.Bh6 Nd7
30.Qd2 Qf8 31.Be3 Kh7 32.Qe1 Qh8 33.Qg3 Kg8 34.a4 Kf7 35.b3 Ke7 36.Rfb1 Rec8
37.axb5 axb5 38.Ba7 Rc7 39.bxc4 bxc4 40.Ne3 Qh5 41.Nf5+ gxf5 42.Qxg7+ Kd6
43.Rxb7 Rxb7 44.Bc5+ Kxc5 45.Qe7+ Kb6 46.Qd6+  1-0

[Event "Open"]
[Site "Dubai UAE"]
[Date "2001.04.20"]
[Round "6"]
[White "Al Modiahki,M"]
[Black "Kunte,A"]
[Result "0-1"]
[WhiteElo "2490"]
[BlackElo "2568"]

1.e4 e5 2.Nf3 Nc6 3.Bb5 a6 4.Ba4 Nf6 5.O-O Be7 6.Re1 b5 7.Bb3 d6 8.c3 O-O
9.h3 Nb8 10.d4 Nbd7 11.Nbd2 Bb7 12.Bc2 Re8 13.Nf1 Bf8 14.Ng3 g6 15.a4 Bg7
16.d5 Qb8 17.b3 c6 18.c4 bxc4 19.bxc4 a5 20.Be3 Qc7 21.Qd2 Ba6 22.Rec1 Nc5
23.Bxc5 dxc5 24.d6 Qd8 25.Rab1 Nd7 26.Rd1 Nf8 27.d7 Re7 28.Qd6 Rxd7 29.Qxc6 Rxd1+
30.Rxd1 Qc8 31.Qd6 Bxc4 32.Nxe5 Ra6 33.Nxc4 Rxd6 34.Rxd6 Qc7 35.Nf1 Bd4 36.Nfd2 Qb8
37.g3 Ne6 38.Kg2 Qb4 39.Bd1 Qb8 40.Bg4 Nf8 41.Bd1 Bc3 42.Nb3 Ne6 43.Rd3 Qb4
44.Nbxa5 Nd4 45.Bg4 h5 46.Bd1 Qb1 47.Rxc3 Qxd1 48.Ne5 Qe1 49.Rxc5 Qxe4+ 50.Kg1 h4  0-1

[Event "TCh-YUG"]
[Site "Herceg Novi YUG"]
[Date "2001.05.16"]
[Round "3"]
[White "Kalezic,B"]
[Black "Lekic,D"]
[Result "1/2-1/2"]
[WhiteElo "2441"]
[BlackElo "2393"]

1.e4 e5 2.Nf3 Nc6 3.Bb5 a6 4.Ba4 Nf6 5.O-O Be7 6.Re1 b5 7.Bb3 d6 8.c3 O-O
9.h3 Nb8 10.d4 Nbd7 11.Nbd2 Bb7 12.Bc2 Re8 13.Nf1 Bf8 14.Ng3 g6 15.b3 Bg7
16.Bb2 c5 17.d5 Nb6 18.Nh2 h5 19.Bc1 Nh7 20.Be3 Bc8  1/2-1/2

[Event "Hotel Lippa IM"]
[Site "Szentgotthard HUN"]
[Date "2001.06.14"]
[Round "2"]
[White "Zufic,M"]
[Black "Borisek,J"]
[Result "1/2-1/2"]
[WhiteElo "2274"]
[BlackElo "2260"]

1.e4 e5 2.Nf3 Nc6 3.Bb5 a6 4.Ba4 Nf6 5.O-O Be7 6.Re1 b5 7.Bb3 d6 8.c3 O-O
9.h3 Nb8 10.d4 Nbd7 11.Nbd2 Bb7 12.Bc2 Re8 13.Nf1 Bf8 14.Ng3 g6 15.a4 c5
16.d5 c4 17.Bg5 h6 18.Be3 Nc5 19.Qd2 h5 20.Ng5 Bh6 21.Ra3 Rb8 22.axb5 axb5
23.Qe2 Qe7 24.Nf3 Bxe3 25.Qxe3 Ra8 26.Rea1 Nh7 27.Qc1 Qc7 28.Rxa8 Rxa8 29.Rxa8+ Bxa8
30.Qa1 Bb7 31.Qa7 Nf6 32.Nd2 Ne8 33.Nb1 Bc8 34.Qxc7 Nxc7 35.Na3 Bd7 36.Ne2 Kf8
37.Nc1 Ke7 38.f3 Na8 39.b4 cxb3 40.Nxb3 Na4 41.Nb1 N8b6 42.Na5 Kd8 43.Kf2 Nb2
44.Ke2 Kc7 45.Bd3 f5 46.Na3 N2a4 47.Kd2 Nc5 48.Bc2 Nba4 49.Nb3 Nxb3+ 50.Bxb3 Nc5
51.Bc2 f4 52.h4 Kb6 53.Bd1  1/2-1/2

[Event "St John's University"]
[Site "New York USA"]
[Date "2001.06.19"]
[Round "2"]
[White "Belorusov,M"]
[Black "Morrison,W"]
[Result "1/2-1/2"]
[WhiteElo "2298"]
[BlackElo "2381"]

1.e4 e5 2.Nf3 Nc6 3.Bb5 a6 4.Ba4 Nf6 5.O-O Be7 6.Re1 b5 7.Bb3 d6 8.h3 O-O
9.c3 Nb8 10.d4 Nbd7 11.a4 Bb7 12.d5 c6 13.Bg5 Nc5 14.Bxf6 Bxf6 15.Bc2 cxd5
16.exd5 Nxa4 17.Bxa4 bxa4 18.Rxa4 Qd7 19.b3 g6 20.c4 Bg7 21.Nbd2 h6 22.Nf1 Rae8
23.Ra2 Qc7 24.Qd2 f5 25.Rd1 Bc8 26.Qa5 Qa7 27.Rad2 f4 28.Re2 e4 29.Qe1 Bf5
30.Nh4 Bf6 31.Nxf5 gxf5 32.Kh1 Kh7 33.f3 Rg8 34.Qf2 e3 35.Qe1 Rg6 36.Qb4 Bh4
37.c5 Qxc5 38.Qxf4 Qb5 39.Qc4 Bf2 40.Qxb5 axb5 41.Rd4 h5 42.g4 hxg4 43.fxg4 Kh6
44.Kg2 Re5 45.Nh2 Rg8 46.Nf3 Ree8 47.Rf4 fxg4 48.hxg4 Ref8 49.Rxf8 Rxf8 50.Nd4 Rf4
51.Nxb5 Rxg4+ 52.Kf3 Rb4 53.Nxd6 Kg6 54.Rb2 Rd4 55.Nc8 Kf6 56.d6 Ke6  1/2-1/2

[Event "TCh-Europe Boys U18"]
[Site "Balatonlelle HUN"]
[Date "2001.06.27"]
[Round "5"]
[White "Rybansky,D"]
[Black "Borisek,J"]
[Result "1/2-1/2"]
[WhiteElo "2296"]
[BlackElo "2260"]

1.e4 e5 2.Nf3 Nc6 3.Bb5 a6 4.Ba4 Nf6 5.O-O Be7 6.Re1 b5 7.Bb3 d6 8.c3 O-O
9.h3 Nb8 10.d4 Nbd7 11.Nbd2 Bb7 12.Bc2 Re8 13.Nf1 Bf8 14.Ng3 g6 15.a4 c5
16.d5 c4 17.Bg5 h6 18.Bd2 Nc5 19.Qc1 h5 20.Bg5 Be7 21.Qe3 Nh7 22.Bxe7 Qxe7
23.Ra3 Rab8 24.Rb1 Bc8 25.axb5 axb5 26.Nd2 Bd7 27.Ra7 Rec8 28.Rba1 Qg5 29.Qxg5 Nxg5
30.h4 Nh7 31.Ngf1 Nf6 32.Ne3 Be8 33.f3 Nfd7 34.g3 Nb6 35.Kg2 Nba4 36.Ra2  1/2-1/2

[Event "Open"]
[Site "Andorra AND"]
[Date "2001.07.05"]
[Round "6"]
[White "Colovic,A"]
[Black "Gyimesi,Z"]
[Result "0-1"]
[WhiteElo "2413"]
[BlackElo "2571"]

1.e4 e5 2.Nf3 Nc6 3.Bb5 a6 4.Ba4 Nf6 5.O-O Be7 6.Re1 b5 7.Bb3 d6 8.c3 O-O
9.h3 Nb8 10.d4 Nbd7 11.Nbd2 Bb7 12.Bc2 Re8 13.Nf1 Bf8 14.Ng3 g6 15.Bg5 h6
16.Bd2 c5 17.d5 Rb8 18.b3 Nb6 19.Qe2 Bc8 20.Be3 Qc7 21.Nd2 Bg7 22.a4 Bd7
23.a5 Nbxd5 24.exd5 Nxd5 25.c4 Nb4 26.Ndf1 f5 27.Bc1 Nc6 28.Ne3 Nd4 29.Qd1 Be6
30.Ne2 Qf7 31.Ra3 Kh7 32.f3 Red8 33.Bd3 Bf6 34.Kh1 Rb7 35.Bd2 Rdb8 36.Nxd4 cxd4
37.Nd5 Bh4 38.Re2 Bxd5 39.cxd5 Rc7 40.Ra2 Rbc8 41.Rc2 Rxc2 42.Bxc2 Qxd5 43.Qb1 Qe6
44.Bc1 Qf6 45.Bb2 Bg5 46.b4 Be3 47.Bb3 Qh4 48.Rc2 Rxc2 49.Bxc2 Kg7 50.Bd3 Qf2
51.Ba3 d5 52.Bb2 Kf6 53.f4 Bxf4 54.Bxb5 axb5 55.a6 d3 56.Qa1 d2 57.Bc3 Qg3
58.Kg1 d1=Q+  0-1

[Event "MTO"]
[Site "Biel SUI"]
[Date "2001.07.31"]
[Round "8"]
[White "Yagupov,I"]
[Black "Kunte,A"]
[Result "1/2-1/2"]
[WhiteElo "2444"]
[BlackElo "2547"]

1.e4 e5 2.Nf3 Nc6 3.Bb5 a6 4.Ba4 Nf6 5.O-O Be7 6.Re1 b5 7.Bb3 d6 8.c3 O-O
9.h3 Nb8 10.d4 Nbd7 11.Nbd2 Bb7 12.Bc2 Re8 13.Nf1 Bf8 14.Ng3 g6 15.a4 Bg7
16.Bd3 c6 17.b4 Nb6 18.dxe5 dxe5 19.a5 Nbd7 20.c4 Qe7 21.Qb3 h5 22.Be3 Nh7
23.Rac1 Ndf8 24.Ne2 Ne6 25.cxb5 axb5 26.Red1 Rec8 27.Bb1 c5 28.bxc5 Rxa5
29.Qb4 Ra7 30.Nc3 Bc6 31.Nd5 Qe8 32.Bc2 Nhf8 33.Nb6 Rd8 34.Rd6 Ra6 35.Rcd1 Rxd6
36.cxd6 Nd4 37.Nxd4 exd4 38.Bxd4 Bxd4 39.Qxd4 Ne6 40.Qe3 Qd8 41.Nd5 Bxd5
42.Rxd5 Rxd6 43.Rxb5 Nd4 44.Rc5 Qb6 45.Rc8+ Kg7 46.Bd3 Ne6 47.Qxb6 Rxb6 48.h4 Rd6
49.Bf1 Rd1 50.g3 Rd4 51.Rc4 Rxc4 52.Bxc4 Nc5 53.f3 Kf6 54.Kf2 Ke7 55.Ke3 Nd7
56.Bb5 Ne5 57.f4 Ng4+ 58.Kd4 Ke6 59.Bc4+ Ke7 60.Be2 Nh6 61.f5 gxf5 62.Bxh5 fxe4
63.Kxe4 Kf6 64.Kf4 Nf5 65.Bg4 Nxg3 66.Kxg3  1/2-1/2

[Event "MTO"]
[Site "Biel SUI"]
[Date "2001.08.02"]
[Round "10"]
[White "Aarthie,R"]
[Black "Konguvel,P"]
[Result "1/2-1/2"]
[WhiteElo "2249"]
[BlackElo "2371"]

1.e4 e5 2.Nf3 Nc6 3.Bb5 a6 4.Ba4 Nf6 5.O-O Be7 6.Re1 b5 7.Bb3 d6 8.c3 O-O
9.h3 Nb8 10.d4 Nbd7 11.Nbd2 Bb7 12.Bc2 Re8 13.Nf1 Bf8 14.Ng3 c5 15.d5 c4
16.Bg5 Qc7 17.Qd2 Reb8 18.Nh4 Bc8 19.Nhf5 Ne8 20.Be7 Ndf6 21.Bxf8 Kxf8 22.f4 b4
23.fxe5 dxe5 24.Kh1 Bd7 25.Rf1 Qb6 26.Rf2 bxc3 27.bxc3 Ng8 28.Raf1 f6 29.Bd1 Bxf5
30.Rxf5 Qc7 31.Ba4 Nd6 32.Rxe5 Nf7 33.d6 Qxd6 34.Qxd6+ Nxd6 35.Rc5 Rc8 36.Rxc8+ Rxc8
37.Bd7 Rc5 38.Rd1 Nf7 39.Nf5 g6 40.Nd4 Re5 41.Bc8 Ng5 42.Nf3 Rxe4 43.Nxg5 fxg5
44.Bxa6 Nf6 45.Rd8+ Ke7 46.Rc8 g4 47.Rxc4 gxh3 48.Rxe4+ Nxe4 49.gxh3 Nxc3  1/2-1/2

[Event "Stork YM"]
[Site "Hengelo NED"]
[Date "2001.08.08"]
[Round "5"]
[White "Werle,J"]
[Black "Ginzburg,Mi"]
[Result "1-0"]
[WhiteElo "2412"]
[BlackElo "2274"]

1.e4 e5 2.Nf3 Nc6 3.Bb5 a6 4.Ba4 Nf6 5.O-O b5 6.Bb3 Be7 7.Re1 d6 8.c3 O-O
9.h3 Nb8 10.d4 Nbd7 11.Nbd2 Bb7 12.Bc2 Re8 13.Nf1 Bf8 14.Ng3 g6 15.dxe5 dxe5
16.Nh2 c5 17.Bg5 h6 18.Be3 Qe7 19.Ng4 Nxg4 20.Qxg4 Kh7 21.Rad1 Rad8 22.b3 Nb8
23.h4 Bc8 24.Qf3 Be6 25.h5 Nc6 26.Rd5 Qh4 27.Bxc5 Bxc5 28.Rxc5 Ne7 29.Rxe5 Kg8
30.Qe3 Qf6 31.Rc5 Qg7 32.Rc7 Rc8 33.Qc5 Qf6 34.e5 Qh4 35.hxg6 fxg6 36.Ne4 Rxc7
37.Qxc7 Rc8 38.Nf6+ Kf8 39.Qd6 Bf7 40.Re4  1-0

[Event "Kochan Mem Open"]
[Site "Koszalin POL"]
[Date "2001.08.08"]
[Round "5"]
[White "Czakon,J"]
[Black "Markiewicz,Ja"]
[Result "1/2-1/2"]
[WhiteElo "2118"]
[BlackElo "2245"]

1.e4 e5 2.Nf3 Nc6 3.Bb5 a6 4.Ba4 Nf6 5.O-O Be7 6.Re1 b5 7.Bb3 d6 8.c3 O-O
9.h3 Nb8 10.d4 Nbd7 11.Nbd2 Bb7 12.a4 c5 13.Bc2 Re8 14.d5 c4 15.Nf1 Bf8 16.Ng3 g6
17.Bg5 h6 18.Be3 Kh7 19.Nh2 Bg7 20.Ng4 Ng8 21.Qf3 Rf8 22.Red1 Ndf6 23.Nxf6+ Bxf6
24.Ra3 Bg5 25.Rda1 Qc7 26.Bxg5 hxg5 27.Qe3 f6 28.R1a2 Ne7 29.Qc1 Qc5 30.axb5 axb5
31.Rxa8 Rxa8 32.Rxa8 Bxa8 33.Qa1 Bb7 34.Qa5 Bc8 35.Qd8 Ng8 36.Qe8 Kg7 37.Kf1 Nh6
38.Ke2 Nf7 39.Kf1 Ba6 40.Qa8 Qb6 41.Kg1 Qa5 42.Nf1 Qa1 43.Bd1 Qxd1 44.Qxa6 Qb3
45.Qa3 Qxa3 46.bxa3 Nd8 47.Nd2 Nb7 48.a4 bxa4 49.Nxc4 Nc5 50.f3 Kf8 51.Kf1 Ke7
52.Ke2 Kd7 53.g4 Kc7 54.Kd2 Nd7 55.Kc2 Nc5 56.Kd2  1/2-1/2

[Event "VI Cup IM"]
[Site "Paks HUN"]
[Date "2001.08.26"]
[Round "9"]
[White "Tancsa,R"]
[Black "Koskela,N"]
[Result "1/2-1/2"]
[WhiteElo "2205"]
[BlackElo "2250"]

1.e4 e5 2.Nf3 Nc6 3.Bb5 a6 4.Ba4 Nf6 5.O-O Be7 6.Re1 b5 7.Bb3 d6 8.c3 O-O
9.h3 Nb8 10.d4 Nbd7 11.Nbd2 Bb7 12.Bc2 Re8 13.Nf1 Bf8 14.Ng3 g6 15.a4 c5
16.d5 c4 17.Bg5 h6 18.Be3 Nc5 19.Qd2 h5 20.Bg5 Be7 21.Ra3 Rb8 22.Rea1 Nh7
23.Bh6 Bf6 24.axb5 axb5 25.Ne2 Qc7 26.Nc1 Ra8 27.b4 Rxa3 28.Rxa3 Na6 29.Qd1 Rb8
30.Ne2 Bd8 31.Be3 Qc8 32.Nh2 Ra8 33.f4 f6 34.Ng3 exf4 35.Bxf4 Bb6+ 36.Kh1 Qd7
37.Nf3 Re8 38.Nd4 Nc7 39.Qd2 h4 40.Nge2 Qe7 41.Ng1 Ng5 42.Bxg5 fxg5 43.Ngf3 Rf8
44.Ra1 g4 45.hxg4 Bc8 46.Qh6 Rf7 47.Qxg6+ Rg7 48.Nf5 Bxf5 49.Qxf5 Rf7 50.Qg6+ Rg7
51.Qf5 Rf7 52.Qg6+ Rg7 53.Qf5  1/2-1/2

[Event "ch-ISL"]
[Site "Strandgotu ISL"]
[Date "2001.09.02"]
[Round "3"]
[White "Stefansson,H"]
[Black "Gunnarsson,Arn"]
[Result "1-0"]
[WhiteElo "2586"]
[BlackElo "2263"]

1.e4 e5 2.Nf3 Nc6 3.Bb5 a6 4.Ba4 Nf6 5.O-O b5 6.Bb3 Be7 7.Re1 d6 8.c3 O-O
9.h3 Nb8 10.d4 Nbd7 11.Nbd2 Bb7 12.Bc2 Re8 13.Nf1 exd4 14.cxd4 c5 15.Ng3 h6
16.Bg5 Bf8 17.Bf4 cxd4 18.Nxd4 Qb6 19.Qd2 d5 20.e5 Ne4 21.Nxe4 dxe4 22.Bxe4 Bxe4
23.Rxe4 Rad8 24.Nf5 Qg6 25.g4 Nc5 26.Rd4 Ne6 27.Rxd8 Rxd8 28.Qe3 h5 29.Qf3 Nd4
30.Nxd4 Rxd4 31.Kg2 Qe6 32.gxh5 Bc5 33.Rc1 f5 34.Rd1 Rc4 35.Rd8+ Kh7 36.Qa8  1-0

[Event "TCh-BUL w"]
[Site "Pamporovo BUL"]
[Date "2001.10.08"]
[Round "7"]
[White "Bratimirova,D"]
[Black "Georgieva,L"]
[Result "1/2-1/2"]
[WhiteElo "2074"]
[BlackElo "2233"]

1.e4 e5 2.Nf3 Nc6 3.Bb5 a6 4.Ba4 Nf6 5.O-O Be7 6.Re1 b5 7.Bb3 d6 8.h3 O-O
9.c3 Nb8 10.d4 Nbd7 11.Nbd2 Bb7 12.a4  1/2-1/2

[Event "TCh-SLO"]
[Site "Bled SLO"]
[Date "2001.10.18"]
[Round "1"]
[White "Kovac,B"]
[Black "Krivec,J"]
[Result "1-0"]
[WhiteElo "2310"]
[BlackElo "2249"]

1.e4 e5 2.Nf3 Nc6 3.Bb5 a6 4.Ba4 Nf6 5.O-O Be7 6.Re1 b5 7.Bb3 d6 8.c3 O-O
9.h3 Nb8 10.d4 Nbd7 11.Nbd2 Bb7 12.Bc2 Re8 13.Nf1 Bf8 14.Ng3 g6 15.a4 c5
16.d5 c4 17.Be3 Bg7 18.Qd2 h5 19.Bg5 Qc7 20.Nh4 Nh7 21.Be3 Rab8 22.Ra3 Bc8
23.axb5 axb5 24.Rea1 Nb6 25.Nf3 Bd7 26.Bxb6 Rxb6 27.Ra7 Rb7 28.Qe3 Reb8 29.b3 cxb3
30.Bxb3 Rxa7 31.Rxa7 Rb7 32.Ra6 Bf8 33.Ne2 Qc8 34.Qd2 Nf6 35.Bc2 Rb8 36.Ra1 Ra8
37.Rxa8 Qxa8 38.Qc1 Qa2 39.Kf1 Qa6 40.Qb1 Qa3 41.Bd3 Qa4 42.Bc2 Qa3 43.Qc1 Qa2
44.Ne1 Kh7 45.Bb1 Qa4 46.Bc2 Qa2 47.Qg5 Bg7 48.f4 Ng8 49.Qg3 Nh6 50.f5 Ng8
51.Qf3 Be8 52.g4 hxg4 53.hxg4 Bh6 54.Qh3 Kg7 55.Bd3 Qa1 56.Kf2 Bd2 57.Nf3 Bxc3
58.g5 f6 59.fxg6 fxg5 60.Qh7+ Kf8 61.g7+ Kf7 62.Nxg5+  1-0

[Event "TCh-SLO"]
[Site "Bled SLO"]
[Date "2001.10.23"]
[Round "6"]
[White "Kovac,B"]
[Black "Mazi,L"]
[Result "1/2-1/2"]
[WhiteElo "2310"]
[BlackElo "2373"]

1.e4 e5 2.Nf3 Nc6 3.Bb5 a6 4.Ba4 Nf6 5.O-O Be7 6.Re1 b5 7.Bb3 d6 8.c3 O-O
9.h3 Nb8 10.d4 Nbd7 11.Nbd2 Bb7 12.Bc2 Re8 13.Nf1 Bf8 14.Ng3 g6 15.b3 c6
16.Be3 Bg7 17.Qd2 Qc7 18.Rad1 Rad8 19.Bh6 Bh8 20.Nh2 d5 21.Bg5 Nf8 22.Ng4 Nxg4
23.Bxd8 Rxd8 24.hxg4 dxe4 25.Nxe4 exd4 26.g5 Ne6 27.Nf6+ Bxf6 28.gxf6 Rd5
29.Be4 Rh5 30.g3 c5 31.Qd3 c4 32.bxc4 bxc4 33.Qb1 Rb5 34.Qc1 d3 35.Qa3 Bxe4
36.Rxe4 Qc6 37.Qe7 h6 38.Rde1 d2 39.Rxe6 dxe1=Q+ 40.Rxe1 Rf5 41.Qe8+ Qxe8
42.Rxe8+ Kh7 43.Rc8 Rxf6 44.Rxc4 Kg7 45.Rc5 Rb6 46.a4 h5 47.Kg2 Kf6 48.Kf3 Ke6
49.a5 Rd6 50.Ke4 f6 51.Rc8 f5+ 52.Ke3 Rd5 53.Rc6+ Rd6 54.Rc8  1/2-1/2